000 00321 a2200109 4500
001 ART_47116
005 20260410161843.0
008 260409a
245 1 0 _aEl Jefe de Gobierno de la Ciudad de Buenos Aires
100 1 _aBianchi, Alberto B.
773 0 _tRAP
_g- Año 40, Nº 473 (feb. 2018)
_wREV5941
999 _c24248
_d24248